Olivia Colman Filmography - Statistics

General Stats
  • This quiz has been taken 92 times
    9 since last reset
  • The average score is 41 of 180
Answer Stats
Type Year Name % Correct
Web Series 2019-2020, 2023 The Crown
100%
Film 2020 The Father
88%
Film 2018 The Favourite
88%
Film 2023 Wonka
88%
TV Show 2003-2010, 2015 Peep Show
75%
Film 2021 The Lost Daughter
75%
Film 2025 The Roses
75%
TV Show 2013-2017 Broadchurch
63%
Film 2017 Murder on the Orient Express
63%
Film 2024 Paddington in Peru
63%
Film 2022 Puss in Boots: The Last Wish
63%
Web Series 2023, 2024 The Bear
63%
Web Series 2016, 2026 The Night Manager
63%
TV Show 2010 Doctor Who
50%
Film 2022 Empire of Light
50%
TV Show 2016-2019 Fleabag
50%
Film 2007 Hot Fuzz
50%
Web Mini-Series TBA Pride and Prejudice
50%
Web Mini-Series 2023 Secret Invasion
50%
Film 2021 The Mitchells vs the Machines
50%
Film 2023 Wicked Little Letters
50%
TV Show 2012 Accused
38%
Film 2014 Cuban Fury
38%
TV Show 2016-2018 Flowers
38%
TV Mini-Series 2023 Great Expectations
38%
Web Series 2022-2023 Heartstopper
38%
TV Show 2002 Holby City
38%
TV Mini-Series 2021 Landscapers
38%
Film 2021 Mothering Sunday
38%
TV Show 2010-2014 Rev.
38%
Film 2021 Ron's Gone Wrong
38%
Film 2011 The Iron Lady
38%
Film 2015 The Lobster
38%
TV Show 2002 The Office
38%
TV Show 2020 The Simpsons
38%
TV Show 2011-2012 Twenty Twelve
38%
TV Show 2008, 2018 Would I Lie to You?
38%
Commercial 2003 AA Insurance
25%
TV Show 2008-2009 Beautiful People
25%
TV Show 2004 Black Books
25%
TV Special 2020 Cinderella: A Comic Relief Pantomime for Christmas
25%
TV Show 2001 Comedy Lab
25%
Film 2006 Confetti
25%
TV Show 2016 Drunk History: UK
25%
TV Show 2004-2006 Green Wing
25%
Film 2013 I Give It a Year
25%
Film 2022 Joyride
25%
TV Mini-Series 2019 Les Misérables
25%
Film 2013 Locke
25%
TV Show 2009 Midsomer Murders
25%
TV Show 2025 Mitchell and Webb Are Not Helping
25%
TV Film 2005 Much Ado About Nothing
25%
Documentary Series 2018 Natural World
25%
TV Show 2004 NY-LON
25%
TV Mini-Series 2005 ShakespeaRe-Told
25%
TV Show 2009 Skins
25%
TV Show 2022 Staged
25%
TV Short 2021 Superworm
25%
TV Show 2006-2008 That Mitchell and Webb Look
25%
Radio Series 2007 That Mitchell and Webb Look
25%
Film 2021 The Electrical Life of Louis Wain
25%
TV Show 2025 The Great British Baking Show
25%
TV Show 2001 The Mitchell and Webb Situation
25%
Documentary Series 2016-2019 The Secret Life of the Zoo
25%
TV Show 2014-2018 Thomas & Friends
25%
TV Mini-Series 2018 Watership Down
25%
TV Short 2016 We're Going on a Bear Hunt
25%
Film 2026 Wicker
25%
Short Film 2018 All the World's a Stage
13%
TV Film 2005 Angell's Hell
13%
TV Show 2015, 2024 Ant & Dec's Saturday Night Takeaway
13%
Film 2011 Arrietty
13%
TV Pilot 2012 Bad Sugar
13%
Documentary Series 2020 Becoming You
13%
TV Show 2014 Big Ballet
13%
Short Film 2009 Big Celebrity Fame Zeppelin
13%
TV Show 2015 Bring the Noise
13%
TV Documentary 2006 Britain's Funniest Comedy Characters
13%
TV Documentary 2012 Britain's Funniest Comedy Characters
13%
TV Show 2000 Bruiser
13%
Film 2005 Buried Alive
13%
TV Show 2024 CBeebies Bedtime Story
13%
Short Film 2023 Change the Ending
13%
TV Special 2024 Children in Need
13%
TV Special 2022, 2024 Comic Relief
13%
TV Special 2011 Comic Relief: Uptown Downstairs Abbey
13%
TV Show 2004 Coming Up
13%
Film 2020 Connected
13%
TV Film 2008 Consuming Passion
13%
TV Show 2025 Cry Wolf
13%
Commercial 2002 Danone Actimel
13%
Short TV Documentary 2015 David Attenborough Meets President Obama
13%
Film 2015 Dinos and Discoveries
13%
Documentary Series 2010 Doctor Who Confidential
13%
Short Film 2007 Dog Altogether
13%
TV Show 2014 Duck Quacks Don't Echo
13%
Film TBA Elsinore
13%
Theater 2009 England People Very Nice
13%
TV Mini-Series 2011 Exile
13%
TV Show 2003 Eyes Down
13%
Documentary Mini-Series 2018 Flatpack Empire
13%
Film 2016 Full Steam to the Rescue!
13%
TV Show 2003 Gash
13%
Film TBA Girl from the North Country
13%
TV Special 2020 Global Goal: Unite for Our Future
13%
Film 2007 Grow Your Own
13%
TV Film 2008 Hancock and Joan
13%
Theater 2012 Hay Fever
13%
TV Show 2005 Help
13%
Short Film 2018 Here Comes the Steam Team!
13%
Film 2012 Hyde Park on Hudson
13%
Film 2007 I Could Never Be Your Woman
13%
Documentary Mini-Series 2017 Inside Dior
13%
Short Film TBA It's Always Burberry Weather: Postcards from London
13%
Film 2025 Jimpa
13%
TV Documentary 2019 Kilimanjaro: The Bigger Red Nose Climb
13%
Film 2009 Le Donk & Scor-zay-zee
13%
Short Film 2018 Let's Dance
13%
Film 2015 London Road
13%
Theater 2000 Long Day's Journey into Night
13%
TV Show 2005 Look Around You
13%
TV Show 2008 Love Soup
13%
Documentary Series 2023 Marvel Studios: Assembled
13%
Music Video 2024 Message from Mother Earth
13%
TV Mini-Series 2009 Mister Eleven
13%
Theater 2017 Mosquitoes
13%
TV Show 2001 Mr Charity
13%
TV Show 2014 Mr. Sloane
13%
TV Show 2005 Murder in Suburbia
13%
Documentary 2020 Nasrin
13%
Film 2017 National Theatre Live: Mosquitoes
13%
Short Film 2005 One Day
13%
TV Documentary 2016 Our Queen at Ninety
13%
TV Show 2001 People Like Us
13%
Film 2014 Pudsey the Dog: The Movie
13%
TV Show 2002 Rescue Me
13%
TV Mini-Series 2013 Run
13%
TV Show 2023 Saturday Mash-Up
13%
Film 2022 Scrooge: A Christmas Carol
13%
Film 2014 Signals Crossed
13%
Film 2015 Sodor's Legend of the Lost Treasure
13%
TV Special 2020 Sport Relief
13%
TV Show 2016 Sugar Free Farm
13%
TV Show 2004 Swiss Toni
13%
Film 2004 Terkel in Trouble
13%
TV Mini-Series 2014 The 7.39
13%
Documentary 2016 The Extraordinary Case of Alex Lewis
13%
TV Short 2013 The Five(ish) Doctors Reboot
13%
Film 2025 The Fox
13%
Documentary Mini-Series 2014 The Great War: The People's Story
13%
TV Film 2007 The Grey Man
13%
Documentary Series 2012, 2014 The Hoarder Next Door
13%
TV Show 2013 The Intern
13%
Film 2014 The Karman Line
13%
TV Show 2014 The Kumars
13%
Film 2019 Them That Follow
13%
Commercial 2003 The National Lottery
13%
TV Documentary 2018 The Private Life of the Royal Academy
13%
TV Show 2005 The Robinsons
13%
TV Mini-Series 2014 The Secrets
13%
Documentary Mini-Series 2016 The Story of Cats
13%
TV Film 2003 The Strategic Humour Initiative
13%
TV Film 2013 The Suspicions of Mr Whicher: The Murder in Angel Lane
13%
TV Film 2013 The Thirteenth Tale
13%
TV Show 2007 The Time of Your Life
13%
TV Show 2014 This Is Jinsy
13%
Podcast 2020, 2021 Thomas & Friends Storytime
13%
Film 2016 Tinsel on the Tracks
13%
Documentary Series 2021 Trip Hazard
13%
Film 2011 Tyrannosaur
13%
Short Film 2018 Unexpected Item
13%
TV Show 2014 W1A
13%
Documentary Series 2018 Who Do You Think You Are?
13%
Film 2005 Zemanovaload
13%
Documentary Series 2015 Earth's Natural Wonders
0%
TV Show 2001 Life as We Know It
0%
TV Special 2011 Most Shocking Talent Show Moments
0%
Short Film 2011 See Me
0%
Film 2014 Tale of the Brave
0%
Documentary Series 2001 This Is Your Life
0%
No matching quizzes found
Score Distribution
Percent of People with Each Score
Percentile by Number Answered
Your Score History
You have not taken this quiz since the last reset